[Event "Nuremberg Zabo op 23rd"]
[Site "Nuremberg"]
[Date "2023.09.15"]
[Round "1"]
[White "Wolf, Moritz"]
[Black "Weissmann, Peter"]
[Result "0-1"]
[WhiteElo "1469"]
[BlackElo "1706"]
[PlyCount "40"]
[EventDate "2023.09.15"]
[EventType "swiss"]
[EventRounds "5"]
[EventCountry "GER"]
[SourceTitle "EXT 2024"]
[Source "ChessBase"]
[SourceDate "2023.10.10"]
[SourceVersion "1"]
[SourceVersionDate "2023.10.10"]
[SourceQuality "1"]

1. e4 c5 2. Nf3 Nc6 3. Bc4 d6 4. d3 Nf6 5. h3 a6 6. a4 e6 7. 0-0 Be7 8. Re1 0-0 9. Bg5 h6 10. Bh4 Nh7 11. Bg3 Ng5 12. Nxg5 Bxg5 13. f4 Bf6 14. e5 dxe5 15. fxe5 Bxe5 16. Bxe5 Nxe5 17. Nd2 Nxc4 18. Nxc4 Bd7 19. Re5 Bc6 20. Rxc5 Qd4+ 0-1

[Event "Mittelfranken-chTB2a 1617"]
[Site "Mittelfranken"]
[Date "2017.02.12"]
[Round "6.7"]
[White "Weissmann, Peter"]
[Black "Hildner, Karl Josef"]
[Result "0-1"]
[WhiteElo "1608"]
[BlackElo "1733"]
[PlyCount "104"]
[EventDate "2016.10.23"]
[EventType "team-tourn"]
[EventRounds "9"]
[EventCountry "GER"]
[SourceTitle "EXT 2022"]
[Source "ChessBase"]
[SourceDate "2021.10.06"]
[SourceVersion "1"]
[SourceVersionDate "2021.10.06"]
[SourceQuality "1"]
[WhiteTeam "Zirndorf II"]
[BlackTeam "Erlangen Siemens"]
[WhiteTeamCountry "GER"]
[BlackTeamCountry "GER"]

1. e4 c5 2. Nf3 d6 3. d4 cxd4 4. Nxd4 Nf6 5. Nc3 a6 6. Bg5 e5 7. Bxf6 Qxf6 8. Nd5 Qd8 9. Nb3 Nd7 10. Qd2 Nf6 11. f3 Nxd5 12. exd5 Be7 13. Bd3 Bh4+ 14. g3 Bg5 15. Qf2 0-0 16. h4 Bh6 17. g4 Bf4 18. c4 Bd7 19. Qc2 g6 20. Qf2 f5 21. gxf5 Bxf5 22. Bxf5 Rxf5 23. Nd2 Qa5 24. Rd1 Raf8 25. 0-0 Bxd2 26. Qxd2 Qd8 27. c5 dxc5 28. d6 Qxh4 29. Rf2 Rg5+ 30. Kf1 Qc4+ 31. Qe2 Qxe2+ 32. Kxe2 Rd8 33. Ke3 Kf7 34. f4 exf4+ 35. Rxf4+ Ke6 36. d7 Re5+ 37. Kf3 Rxd7 38. Rxd7 Kxd7 39. Rc4 b5 40. Rh4 h5 41. Rh1 c4 42. Kf4 Re2 43. Rb1 Kc6 44. Kf3 Rc2 45. Ke3 g5 46. Kd4 h4 47. Rg1 Rd2+ 48. Ke3 Rd5 49. Rf1 h3 50. Ke4 h2 51. Ke3 g4 52. Rh1 g3 0-1

[Event "Mittelfranken Mitte-ch"]
[Site "Nuremberg"]
[Date "2017.01.06"]
[Round "2"]
[White "Weissmann, Peter"]
[Black "Hamazaspyan, Seryozka"]
[Result "1-0"]
[WhiteElo "1737"]
[BlackElo "1237"]
[PlyCount "105"]
[EventDate "2017.01.05"]
[EventType "swiss"]
[EventRounds "7"]
[EventCountry "GER"]
[SourceTitle "EXT 2018"]
[Source "ChessBase"]
[SourceDate "2017.10.13"]
[SourceVersion "1"]
[SourceVersionDate "2017.10.13"]
[SourceQuality "1"]

1. e4 Nc6 2. d4 e6 3. f4 d5 4. e5 f6 5. Nf3 b6 6. Bb5 Bb7 7. c3 Nh6 8. Be3 Ng4 9. Bd2 f5 10. h3 Nh6 11. Ng5 Qd7 12. a4 a6 13. Bd3 g6 14. b4 Na7 15. Qe2 b5 16. axb5 axb5 17. 0-0 c6 18. Be3 Nf7 19. Nd2 Nxg5 20. fxg5 h6 21. Ra5 Nc8 22. Rfa1 Rxa5 23. Rxa5 hxg5 24. Bxg5 Bh6 25. Bxh6 Rxh6 26. Nb3 g5 27. Nc5 Qh7 28. Qf3 Qg7 29. Be2 Kd8 30. g4 f4 31. Bd3 Kc7 32. Ra1 Ne7 33. Qg2 Nc8 34. Qa2 Kd8 35. Qa5+ Qc7 36. Nxb7+ Kd7 37. Nc5+ Kd8 38. Qxc7+ Kxc7 39. Kh2 Kd8 40. Ra8 Kc7 41. Ra6 Ne7 42. Ra7+ Kd8 43. Rd7+ Ke8 44. Rd6 Kf7 45. Rd7 Ke8 46. Rb7 Ng6 47. Bxg6+ Rxg6 48. Rc7 Rh6 49. Rxc6 Kf7 50. Rc7+ Kg6 51. Nxe6 Rh7 52. Nf8+ Kh6 53. Rxh7# 1-0

[Event "Pyramiden Franken Cup"]
[Site "Fuerth"]
[Date "2016.09.02"]
[Round "2"]
[White "Mikeler, Marcel"]
[Black "Weissmann, Peter"]
[Result "1-0"]
[WhiteElo "1833"]
[BlackElo "1778"]
[PlyCount "95"]
[EventDate "2016.09.01"]
[EventType "swiss"]
[EventRounds "7"]
[EventCountry "GER"]
[SourceTitle "CBM 174 Extra"]
[Source "ChessBase"]
[SourceDate "2016.10.10"]
[SourceVersion "1"]
[SourceVersionDate "2016.10.10"]
[SourceQuality "1"]

1. d4 Nf6 2. Nf3 e6 3. c4 b6 4. g3 Bb7 5. Bg2 Bb4+ 6. Bd2 Qe7 7. 0-0 0-0 8. a3 Bxd2 9. Nbxd2 c5 10. Qc2 cxd4 11. Nxd4 Bxg2 12. Kxg2 d5 13. cxd5 Nxd5 14. Rac1 h5 15. e4 Nf6 16. N2f3 Na6 17. b4 Rac8 18. Nc6 Qb7 19. e5 Nd5 20. Ng5 g6 21. b5 Nc5 22. Ne4 Nxe4 23. Qxe4 a6 24. a4 a5 25. Rc4 Qd7 26. Rfc1 Kg7 27. Kg1 f5 28. exf6+ Nxf6 29. Qe3 Ng4 30. Qc3+ Kh7 31. f3 Nh6 32. Rd4 Qg7 33. Qd3 Rf7 34. Re1 Rcf8 35. Ne5 Rxf3 36. Nxf3 Rxf3 37. Qe4 Rf7 38. Qe5 Qf8 39. Qxe6 Qc5 40. Qd5 Qc3 41. Qe4 Nf5 42. Rc4 Qd2 43. Rc2 Qd6 44. Rc6 Qd4+ 45. Kg2 Qd2+ 46. Re2 Qd1 47. Rf2 Re7 48. Re6 1-0

[Event "Mittelfranken-ch QT"]
[Site "Nuremberg"]
[Date "2016.03.23"]
[Round "2"]
[White "Weissmann, Peter"]
[Black "Friedrich, Michael Christian"]
[Result "1-0"]
[WhiteElo "1801"]
[BlackElo "1515"]
[PlyCount "79"]
[EventDate "2016.03.23"]
[EventType "swiss"]
[EventRounds "7"]
[EventCountry "GER"]
[SourceTitle "EXT 2018"]
[Source "ChessBase"]
[SourceDate "2017.10.13"]
[SourceVersion "1"]
[SourceVersionDate "2017.10.13"]
[SourceQuality "1"]

1. e4 e5 2. d4 exd4 3. Bc4 Bb4+ 4. c3 dxc3 5. bxc3 Qf6 6. Bb2 Nc6 7. Qc2 Ba5 8. Nf3 Nd4 9. Qd3 Nxf3+ 10. gxf3 d6 11. Nd2 Be6 12. Bxe6 Qxe6 13. Qb5+ Qd7 14. Qxa5 Ne7 15. c4 f6 16. Rg1 Ng6 17. Qb5 c6 18. Qh5 0-0-0 19. Qg4 Rhe8 20. Qxd7+ Rxd7 21. 0-0-0 Nf4 22. Kc2 h5 23. h4 d5 24. cxd5 cxd5 25. Kb1 d4 26. Nc4 b5 27. Na5 Ne2 28. Rge1 d3 29. Nb3 b4 30. Nc5 Nc3+ 31. Bxc3 bxc3 32. Rxd3 Rc7 33. Rd5 Rc6 34. Kc2 Re5 35. Rxe5 fxe5 36. Na4 Rf6 37. Re3 Kd8 38. Nxc3 Rf4 39. Rd3+ Ke7 40. Nd5+ 1-0